00823nam a2200217 a 450000100100000000500170001000800410002702000150006804000250008308200200010810000350012824501100016326000750027330000270034850000780037565000360045365000480048970000420053704900090057999900170058800002272220200930021747.0101116s1994 pr a r 000 p spa d a0865814791 aDO-SdBNPbspacBNPHU aPR861.44bC124e1 aCadilla, Ulises,d1939-94670110aEl eco del silencio :bantología de mí mismo /cUlises Cadilla ; prólogo por Francisco Matos Paoli. aSan Juan, Puerto Rico :bInstituto de Cultura Puertorriqueña,c1994. a94 p. :bil. ;c23 cm. aIncluye datos biográficos del autor en la solapa de la contra cubierta. 4aPoesía puertorriqueña91015 4aLiteratura puertorriqueñaySIGLO XX953111 aMatos Paoli, Franciscoepról.99210 aBNGR c22219d22219